000
00396nam a22001697a 4500
003
MPLRDC
005
20220104144054.0
008
210129b ||||| |||| 00| 0 eng d
082
_a
909.4 DZ c.2
100
_a
陈金沙等编写
245
_a
西方美术简史
_c
250
_a
初版
260
_a
_b
董总
_c
1992
300
_b
平
650
_a
西洋艺术史
942
_c
BK
_o
909.4 DZ c.2
999
_c
46107
_d
46097